000 00331 a2200145 4500
001 51625
020 _a
040 _cAnchieta - Pituba
100 _aSANTOS, Henrique Julio Vieira Gonçalves dos
240 1 0 _a1ª Quimica, I unidade
_lpor
245 1 0 _a1ª Quimica, I unidade
300 _a6
650 4 _aQuímica
942 _cBK
999 _c51625
_d51625